Haïti Trivia Quiz - Statistieken

Algemene statistieken
  • Deze quiz is 344 keer genomen
  • De gemiddelde score is 11 van 19
Antwoordstatistieken
Hint Antwoord % Correct
Aangrenzend land Dominicaanse Republiek
99%
Officiële talen Frans
88%
Hoofdstad Port-au-Prince
87%
Soort natuurramp waarbij in 2010 meer dan 100.000 mensen omkwamen Aardbeving
83%
Zee waar Haïti in ligt Caribische zee
83%
Land dat Haïti bezette in de periode 1915–1934 Verenigde Staten
77%
Tot op het dichtstbijzijnde hele getal, hoeveel procent van de Haïtianen heeft een Afrikaanse afkomst? 100
74%
Dat eiland is deel van deze eilandengroep Grote {Antillen}
71%
Eiland waar Haïti op ligt Hispaniola
68%
Vader en zoon-dictators van Haïti {Papa} Doc
63%
Officiële talen Haïtiaans {Creools}
59%
Afrikaanse religie die werd samengevoegd met katholieke overtuigingen Vodou
54%
Oprichter van de eerste Europese nederzetting, La Navidad Christoffel Columbus
52%
Vader en zoon-dictators van Haïti {Baby} Doc
48%
Eiland dat ooit een toevluchtsoord was voor piraten Île de la Tortue
27%
Koloniale naam van Haïti Saint-{Domingue}
23%
Leider van de Haïtiaanse revolutie Toussaint Louverture
21%
Grootste eiland van Haïti Île de la Gonâve
18%
De eerste democratisch gekozen president van Haïti, in 1991 Jean-Bertrand Aristide
18%
Geen overeenkomende quizzen gevonden
Scoreverdeling
Procent van Mensen met Elke Score
Percentiel versus Aantal Correcte Antwoorden
Uw Scoregeschiedenis
U heeft deze quiz nog niet genomen